| 000 | 00640nam a2200193Ia 4500 | ||
|---|---|---|---|
| 008 | 140429s9999 xx 000 0 und d | ||
| 020 | _a9780078050183 | ||
| 050 |
_aHN 59.2 _b.T139 2012 |
||
| 245 |
_aTaking sides : _bclashing views on social issues / _cselected, edited, and with introductions by Kurt Finsterbusch. |
||
| 250 | _a16th ed. | ||
| 260 |
_aNew York : _bMcGraw-Hill, _cc2012. |
||
| 300 |
_a441 p. : _c23 cm. |
||
| 521 | _aBSBA | ||
| 650 |
_aSocial conflict _xUnited States. |
||
| 650 |
_aUnited States _xSocial condtions --1980-. |
||
| 650 |
_aUnited States _xSocial policy --1993-. |
||
| 942 |
_kFOR _cBK |
||
| 999 |
_c115659 _d115659 |
||